Cases in marketing

Αποθηκεύτηκε σε:
Λεπτομέρειες βιβλιογραφικής εγγραφής
Άλλοι συγγραφείς: Larsen, Hanne Hartvig 1945- (Επιμελητής έκδοσης)
Μορφή: Βιβλίο
Γλώσσα:English
Δημοσίευση: London : Sage, 1997
Σειρά:European management series
Θέματα:
Ετικέτες: Προσθήκη ετικέτας
Δεν υπάρχουν, Καταχωρήστε ετικέτα πρώτοι!

MARC

LEADER 00000nam a2200000 i 4500
001 1/62036
008 980615s1997 eng d
020 |a 0761955704 
035 |l 10029001 
040 |a GR-MY-UA  |b gre  |e aacr 
041 0 |a eng 
082 0 |a 658.8 
245 1 0 |a Cases in marketing /  |c edited by: Hanne Hartvig Larsen 
260 |a London :   |b Sage,   |c 1997 
300 |a xi, 205 p. 
490 1 |a European management series 
650 0 0 |a Marketing  |x Management. 
700 1 |a Larsen, Hanne Hartvig  |d 1945-  |4 edt 
830 0 |a European management series 
852 |a INST  |b CHIOS  |e 19980615  |h 658.8 CAS  |p 005200016150  |q 005200016150  |t BK  |y 0 
901 |a BIBL-1998-2 
909 |a Χ  |b 057356 
922 |a 2ΕΛΗ  |b 199805  |c ΤΔΕ  |d ΠΑΠΑΣΩΤΗΡΙΟΥ